000 00389 a2200145 4500
001 171263
020 _a
040 _cMagnum
100 _aMelo, Jose Augusto de
240 1 0 _a3º Integrado pre-universitario magnum agostiniano - matematica
_lpor
245 1 0 _a3º Integrado pre-universitario magnum agostiniano - matematica
362 0 _a1899
697 _aPARADIDATICO
942 _cBK
999 _c171263
_d171263